Los Laicos en la cristianización de América : (Record no. 54858)

MARC details
000 -LEADER
fixed length control field 00685cam a2200217 4500
005 - DATE AND TIME OF LATEST TRANSACTION
control field 20221116144726.0
008 - FIXED-LENGTH DATA ELEMENTS--GENERAL INFORMATION
fixed length control field 150803b mx ||||| |||| 00| 0 spa d
020 ## - INTERNATIONAL STANDARD BOOK NUMBER
International Standard Book Number 96806860002
050 04 - LIBRARY OF CONGRESS CALL NUMBER
Classification number BV3773
Item number G83 1992
100 1# - MAIN ENTRY--PERSONAL NAME
Personal name Guarda O.S.B., Gabriel
245 14 - TITLE STATEMENT
Title Los Laicos en la cristianización de América :
Remainder of title investigación /
Statement of responsibility, etc Gabriel Guarda O.S.B.
250 ## - EDITION STATEMENT
Edition statement Primera edición
260 ## - PUBLICATION, DISTRIBUTION, ETC. (IMPRINT)
Place of publication, distribution, etc México :
Name of publisher, distributor, etc Fundice,
Date of publication, distribution, etc 1992
300 ## - PHYSICAL DESCRIPTION
Extent 262 p. ;
Dimensions 21 cm.
490 0# - SERIES STATEMENT
Series statement Colección Mexicana V centenario ;
Volume number/sequential designation 5
504 ## - BIBLIOGRAPHY, ETC. NOTE
Bibliography, etc Bibliografía: p. 230-259
504 ## - BIBLIOGRAPHY, ETC. NOTE
Bibliography, etc Incluye índice
650 #7 - SUBJECT ADDED ENTRY--TOPICAL TERM
Source of heading or term LEMB
Topical term or geographic name as entry element Laicismo
650 #7 - SUBJECT ADDED ENTRY--TOPICAL TERM
Source of heading or term LEMB
Topical term or geographic name as entry element Evangelización
General subdivision América
942 ## - ADDED ENTRY ELEMENTS (KOHA)
Source of classification or shelving scheme Biblioteca del Cogreso de los Estados Unidos
Koha item type Libro
Holdings
Estado de pérdida Fuente de clasificación Estado del daño No para préstamo Ubicación permanente Ubicación actual Apartado o colección Fecha de adquisición Edición Dependencia de educación superior (DES) Área del conocimiento Clasificación Código de Barras Date last seen Número de copia Costo por reposición Tipo de recurso Total Checkouts
  Biblioteca del Cogreso de los Estados Unidos     Biblioteca del Instituto de Investigaciones Históricas Biblioteca del Instituto de Investigaciones Históricas General 03/08/2015 1a ed. Humanidades Educación y Humanidades BV3773 G83 1992 IIH000013353 03/08/2015 C: 1 1.00 Libro  
  Biblioteca del Cogreso de los Estados Unidos     Biblioteca del Instituto de Investigaciones Históricas Biblioteca del Instituto de Investigaciones Históricas General 16/11/2022 1a ed. Humanidades Educación y Humanidades BV3773 G83 1992 IIH000033934 16/11/2022 C:2 1.00 Libro